000 00494nam a2200181Ia 4500
008 090124s9999 xx 000 0 und d
082 _b27072
_a6946
100 _aमुजावर बशीर सा.
245 _a गूढकथा
250 _a1
260 _c1993
300 _a200
600 _aमुजावर बशीर सा.
630 _a गूढकथा
700 _aमुजावर बशीर सा.
730 _a गूढकथा
942 _cBOOK
999 _c140540
_d140540